000 00548nam a22002057a 4500
003 OSt
005 20240318120701.0
008 160303b xxu||||| |||| 00| 0 eng d
020 _a9780721679754
040 _cDNLM
082 _aQY25 T446a 2006
100 _aAlan H.B.
_97063
245 _aTietz clinical guide to Laboratory Tests
250 _a4th ed.
260 _aMissour;Saunders, 2006
300 _aLi,1798p; ill: 25cm
504 _aReferences, appendix, & index included
650 _aLaboratory Techniques
_91506
942 _2z
_cO_SHELF
999 _c8270
_d8270